Synonyms & antonyms / (Record no. 146089)

MARC details
000 -LEADER
fixed length control field 00475nam a22001697a 4500
005 - DATE AND TIME OF LATEST TRANSACTION
control field 20171005101459.0
010 ## - LCCN (DPL NO)
LC control number 1718EN-30
020 ## - INTERNATIONAL STANDARD BOOK NUMBER
International Standard Book Number 9781756447370
Terms of availability 95.00
037 ## - SOURCE OF ACQUISITION
Source of stock number/acquisition LGPD
Stock number dpl
245 ## - TITLE STATEMENT
Title Synonyms & antonyms /
Statement of responsibility, etc compiled by J.C. Joshi
260 ## - PUBLICATION, DISTRIBUTION, ETC. (IMPRINT)
Date of publication, distribution, etc 2016
Place of publication, distribution, etc Delhi
Name of publisher, distributor, etc Sahni Pub.
270 ## - ADDRESS
Address 4777, Dr. Mitra Gali, Roshnara Road,
City Delhi
Postal code 110007
300 ## - PHYSICAL DESCRIPTION
Dimensions 21cm(pbk)
Extent 256p.
700 ## - ADDED ENTRY--PERSONAL NAME
Personal name Joshi, J.C.
942 ## - ADDED ENTRY ELEMENTS (KOHA)
Item type English Books
Source of classification or shelving scheme Dewey Decimal Classification
Call number suffix SYN

No items available.


© Delhi Public Library
Hit Counter
free hit counter